000 00994nam a22003377a 4500
001 BR9300078
003 BR-BrBNA
005 20230928093755.0
007 ta
008 230509b bl.||||| |||| 00| 0 por d
040 _aBR-BrBNA
_bpor
_cBiblioteca Nacional de Agricultura
041 _a(Por)
072 _aE14
090 _ E14 BR9300078
100 1 _aBordenave, J.D.
100 1 _aPessoa, Z.M.S.
100 1 _aAlvarez, M.O.
110 1 _aIICA, Brasilia, DF (Brasil)
_95552
245 1 _aModernizacao da agricultura e cooperacao internacional - 25 anos do IICA no Brasil
_b(Publicacoes Miscelaneas; no. A4/BR-001/90)
260 3 _aBrasilia, DF (Brasil):
_c1990.
300 _a203 p.
500 _a27 illus.
650 _aPolitica Agricola
650 _aDesenvolvimento Agricola
650 _aPesquisa Agricola
650 _aPesquisa Pecuaria
650 _aDifusao de Tecnologia
650 _aAssistencia Tecnica
909 _a202309
_bLucia
_c55
_dLucia Elande
942 _cBK
999 _c47024
_d47024